000 00647nam a2200217Ia 4500
003 OSt
005 20220924124234.0
006 a|||||r|||| 00| 0
007 ta
008 220923b |||||||| |||| 00| 0 san d
024 _a267077
037 _cTextual
040 _aARTS
_cARTS
_bsan
041 _2san
_asan
082 _aR66xJ85,1,1, F7;N3
100 _aDharmarajadhwarindra
_9195272
245 0 _avedantaparibhasha with comm Paribhashaprakasika by N S Anantakrishna Sastri
260 _aNew Delhi
_b Navrang
_c1993
942 _hR66xJ85,1,1, F7;N3
_cTEXL
_2CC
999 _c418920
_d418920